[Event "AUTO-ELITE-2567"]
[Site "http://www.queenalice.com/game.php?id=1850625"]
[Date "2025.1.20"]
[Round "1"]
[White "raulzampronha"]
[Black "Diemerlin"]
[Result "1/2-1/2"]
[WhiteElo "2214"]
[BlackElo "2355"]

1. d4 Nf6 2. c4 g6 3. Nc3 Bg7 4. e4 d6 5. Nf3 O-O 6. Be2 Na6 7. O-O e5 8. Re1
Bg4 9. d5 Nc5 10. Nd2 Nd3 11. Rf1 h5 12. f3 Nxc1 13. Rxc1 Bd7 14. b4 h4 15. Nb3
Nh5 16. c5 Bh6 1/2-1/2

[Event "AUTO-ELITE-2569"]
[Site "http://www.queenalice.com/game.php?id=1852351"]
[Date "2025.2.17"]
[Round "1"]
[White "raulzampronha"]
[Black "Diemerlin"]
[Result "1/2-1/2"]
[WhiteElo "2220"]
[BlackElo "2350"]

1. d4 Nf6 2. c4 g6 3. Nc3 Bg7 4. e4 d6 5. f4 O-O 6. Nf3 e5 7. dxe5 dxe5 8. Qxd8
Rxd8 9. Nxe5 Nfd7 10. Nf3 Bxc3+ 11. bxc3 Nc5 12. e5 Nc6 13. Be3 Nd3+ 14. Bxd3
Rxd3 1/2-1/2

[Event "AUTO-ELITE-2569"]
[Site "http://www.queenalice.com/game.php?id=1852356"]
[Date "2025.2.17"]
[Round "1"]
[White "Diemerlin"]
[Black "beteljeuxe"]
[Result "1/2-1/2"]
[WhiteElo "2346"]
[BlackElo "2458"]

1. d4 Nf6 2. Bf4 d5 3. e3 c5 4. dxc5 e6 5. b4 a5 6. c3 Nc6 7. Bb5 Bd7 8. Qb3 Nh5
9. Ne2 g5 10. Bxc6 bxc6 11. Be5 f6 12. Bd6 Bxd6 13. cxd6 O-O 14. O-O Qb8 15. Nd2
Qxd6 16. a3 Ng7 17. c4 1/2-1/2

[Event "AUTO-ELITE-2579"]
[Site "http://www.queenalice.com/game.php?id=1855307"]
[Date "2025.4.10"]
[Round "1"]
[White "trompmaster"]
[Black "Diemerlin"]
[Result "1-0"]
[WhiteElo "2503"]
[BlackElo "2337"]

1. d4 Nf6 2. Nf3 g6 3. c4 Bg7 4. e3 O-O 5. Be2 d6 6. O-O a5 7. Nc3 Bf5 8. h3 Ne4
9. Bd3 Nxc3 10. bxc3 Bxd3 11. Qxd3 Nd7 12. e4 e5 13. Bg5 Qe8 14. Rfe1 1-0

[Event "AUTO-ELITE-2579"]
[Site "http://www.queenalice.com/game.php?id=1855308"]
[Date "2025.4.10"]
[Round "1"]
[White "Diemerlin"]
[Black "trompmaster"]
[Result "0-1"]
[WhiteElo "2330"]
[BlackElo "2508"]

1. e4 d6 2. d4 Nf6 3. Nc3 e5 4. Nf3 Nbd7 5. g4 Nxg4 6. Rg1 Ngf6 7. Bc4 h6 8. Be3
c6 9. dxe5 dxe5 10. Qe2 b5 11. O-O-O bxc4 12. Nxe5 Ba6 13. Nxc6 Qc7 14. e5 Ng4
15. Qxg4 Qxc6 16. e6 Qxe6 17. Qf3 Rc8 18. Bf4 g5 19. Rge1 gxf4 20. Rxe6+ fxe6
0-1